| 000 | 01022pam a2200277 a 4500 | ||
|---|---|---|---|
| 001 | 3559304 | ||
| 003 | OSt | ||
| 005 | 20240716163725.0 | ||
| 008 | 980128s1998 enk b 001 0 eng | ||
| 010 | _a 98009696 | ||
| 020 | _a0335199208 (hbk.) | ||
| 020 | _a0335199194 (pbk.) | ||
| 040 | _cMUST | ||
| 082 | 0 | 0 |
_a362.068 LAW 1998 _221 |
| 100 | 1 |
_aLawton, Alan. _96023 |
|
| 245 | 1 | 0 |
_aEthical management for the public services / _cAlan Lawton. |
| 260 |
_aBuckingham ; _aPhiladelphia : _bOpen University Press, _c1998. |
||
| 300 |
_aviii, 167 p. ; _c24 cm. |
||
| 440 | 0 |
_aManaging the public services _918797 |
|
| 504 | _aIncludes bibliographical references (p. [154]-162) and index. | ||
| 650 | 0 |
_aPublic utilities _xManagement. _918798 |
|
| 650 | 0 |
_aIndustrial management _xMoral and ethical aspects. _918799 |
|
| 906 |
_a7 _bcbc _corignew _d1 _eocip _f19 _gy-gencatlg |
||
| 942 |
_2ddc _cO_SHELF |
||
| 999 |
_c9211 _d9211 |
||